Drenaje linfático manual y mecánico en estética / (Registro nro. 24122)

Detalles MARC
000 -LEADER
fixed length control field 00920nam a22002291a 4500
005 - DATE AND TIME OF LATEST TRANSACTION
control field 20250331185241.0
008 - FIXED-LENGTH DATA ELEMENTS--GENERAL INFORMATION
fixed length control field 130108e200900 sp a | 000 0 spa c
020 ## - INTERNATIONAL STANDARD BOOK NUMBER
International Standard Book Number 9788496699397
040 ## - CATALOGING SOURCE
Original cataloging agency CO-CtgCURN
Language of cataloging spa
Transcribing agency coctgcurn
080 ## - UNIVERSAL DECIMAL CLASSIFICATION NUMBER
Universal Decimal Classification number 615.821
082 04 - DEWEY DECIMAL CLASSIFICATION NUMBER
Classification number 646.75
Item number G952
245 00 - TITLE STATEMENT
Title Drenaje linfático manual y mecánico en estética /
Statement of responsibility, etc. Isabel Guijarro; José Manuel Carbajo, Ma. del Rocío Jiménez, Francisco Jesús Lozano, Luis Muñoz [coautores]; coordinación a cargo de Paloma López.
260 ## - PUBLICATION, DISTRIBUTION, ETC.
Place of publication, distribution, etc. [Madrid] :
Name of publisher, distributor, etc. Videocinco,
Date of publication, distribution, etc. DL 2009.
300 ## - PHYSICAL DESCRIPTION
Extent 279 páginas :
Other physical details ilustraciones en color ;
Dimensions 28 cm.
504 ## - BIBLIOGRAPHY, ETC. NOTE
Bibliography, etc. note Bibliografía: p. 279.
650 #7 - SUBJECT ADDED ENTRY--TOPICAL TERM
Topical term or geographic name entry element Drenaje linfático.
Source of heading or term lemac
650 #0 - SUBJECT ADDED ENTRY--TOPICAL TERM
Topical term or geographic name entry element Cuidados de estética.
700 1# - ADDED ENTRY--PERSONAL NAME
Personal name Guijarro, Isabel.
700 1# - ADDED ENTRY--PERSONAL NAME
Personal name López Mardomingo, Paloma.
942 ## - ADDED ENTRY ELEMENTS (KOHA)
Institution code [OBSOLETE] MHC
Koha item type Libros
Classification part 646.75
Item part G952
Source of classification or shelving scheme Dewey Decimal Classification
Existencias
Withdrawn status Lost status Source of classification or shelving scheme Damaged status Not for loan Collection Home library Current library Shelving location Date acquired Inventory number Total checkouts Full call number Barcode Date last seen Price effective from Koha item type Public note
    Dewey Decimal Classification     General Miguel Henríquez Emiliani Miguel Henríquez Emiliani General 03/31/2025 023470   646.75 G952 023470 03/31/2025 03/31/2025 Libros 640-ECODOM